|
|
|
|
| LEADER |
03067nam a22003853i 4500 |
| 001 |
EBC6637589 |
| 003 |
MiAaPQ |
| 005 |
20231204023216.0 |
| 006 |
m o d | |
| 007 |
cr cnu|||||||| |
| 008 |
231204s2019 xx o ||||0 ger d |
| 020 |
|
|
|a 9783110615692
|q (electronic bk.)
|
| 020 |
|
|
|z 9783110615678
|
| 035 |
|
|
|a (MiAaPQ)EBC6637589
|
| 035 |
|
|
|a (Au-PeEL)EBL6637589
|
| 035 |
|
|
|a (OCoLC)1091662037
|
| 040 |
|
|
|a MiAaPQ
|b eng
|e rda
|e pn
|c MiAaPQ
|d MiAaPQ
|
| 100 |
1 |
|
|a Beckmann, Gustav Adolf.
|
| 245 |
1 |
0 |
|a Gesammelte Aufsätze Zur Altfranzösischen Epik.
|
| 250 |
|
|
|a 1st ed.
|
| 264 |
|
1 |
|a Berlin/Boston :
|b Walter de Gruyter GmbH,
|c 2019.
|
| 264 |
|
4 |
|c {copy}2019.
|
| 300 |
|
|
|a 1 online resource (480 pages)
|
| 336 |
|
|
|a text
|b txt
|2 rdacontent
|
| 337 |
|
|
|a computer
|b c
|2 rdamedia
|
| 338 |
|
|
|a online resource
|b cr
|2 rdacarrier
|
| 490 |
1 |
|
|a De Gruyter Collection ;
|v v.2
|
| 505 |
0 |
|
|a Intro -- Danksagung -- Zum Geleit -- Inhalt -- Ogier -- 1. Oggero Spatacurta und Ogier le Danois -- Rolandslied und Pseudo-Turpin -- 2. Le vers, le verset et le contexte : encore le Roland d'Oxford et la Bible -- 3. Schwierigkeiten und Triumph einer Überhöhung -- 4. Aoi und kein Ende? -- 5. Malduit, ein Scherzname im Oxforder Roland-Manuskript - und ein Priester namens Baligan -- 6. Von Belin, einem Rätsel am Jakobsweg, von der Begräbnisliste des Pseudo-Turpin und von Herzog Naimes -- Wilhelmsepik -- 7. Das Beispiel Renewart -- 8. Luiserne und der überraschende ,historische' Hintergrund der Enfances Vivien -- Karlsreise -- 9. Hugue li Forz - zur Genesis einer literarischen Gestalt -- Sachsenepik -- 10. Epik um einen Fluss: Geographie, Geschichte und Mittellatinistik als Schlüssel zur Sachsenepik -- Alpais und Berthe -- 11. Les deux Alpais et les toponymes épiques (Avroy-)Auridon-Oridon- Dordon(e) -- 12. Berthe au(x) Grand(s) Pied(s) - ou plutôt : les Enfances d'un « faux bâtard » -- Renaut de Montauban -- 13. Maugis d'Aigremont -- 14. Pierrepont at a crossroads of literatures -- 15. Renaut de Montauban and the Pseudo-Turpin's Renaut d'Aubépine - two names for one person? -- Zwei Fehlspuren und ein Ersatz für sie -- 16. Sind Alpert von Metz und der Pseudo-Alkuin frühe Zeugen der altfranzösischen Epik? -- Vorgeschichte zweiten Grades -- 17. ‚Chlothars II. Sachsenkrieg': eine Relektüre -- Ein Seitwärtsblick -- 18. Odins Schatten auf der Durchreise in Rouen.
|
| 588 |
|
|
|a Description based on publisher supplied metadata and other sources.
|
| 590 |
|
|
|a Electronic reproduction. Ann Arbor, Michigan : ProQuest Ebook Central, 2023. Available via World Wide Web. Access may be limited to ProQuest Ebook Central affiliated libraries.
|
| 655 |
|
4 |
|a Electronic books.
|
| 776 |
0 |
8 |
|i Print version:
|a Beckmann, Gustav Adolf
|t Gesammelte Aufsätze Zur Altfranzösischen Epik
|d Berlin/Boston : Walter de Gruyter GmbH,c2019
|z 9783110615678
|
| 797 |
2 |
|
|a ProQuest (Firm)
|
| 830 |
|
3 |
|a De Gruyter Collection
|
| 856 |
4 |
0 |
|u https://ebookcentral.proquest.com/lib/matrademy/detail.action?docID=6637589
|z Click to View
|